Normal view
MARC view
Entry Corporate Name
001 - CONTROL NUMBER
- control field: 8331
003 - CONTROL NUMBER IDENTIFIER
- control field:
005 - DATE AND TIME OF LATEST TRANSACTION
- control field: 20210601180037.0
008 - FIXED-LENGTH DATA ELEMENTS
- fixed length control field: 210601|| aca||aabn | a|a d
040 ## - CATALOGING SOURCE
- Original cataloging agency:
- Transcribing agency:
110 ## - HEADING--CORPORATE NAME
- Corporate name or jurisdiction name as entry element: India .
- Subordinate unit: Parliament .
- Subordinate unit: Lok Sabha
- Number of part/section/meeting: (4th :
- Date of meeting or treaty signing: 1967-1970).
- Subordinate unit: Parliamentary Committees
670 ## - SOURCE DATA FOUND
- Source citation: Work cat.: (): India . Parliament . Lok Sabha (4th : 1967-1970). Parliamentary Committees, Lok sabha parliamentary committees summary of work /, 1968-
